[Event "San Sebastian Constitucion op 10th"]
[Site "San Sebastian"]
[Date "2008.12.06"]
[Round "7"]
[White "Ramirez Garcia, Jorge Alberto"]
[Black "De Dios Alija, Rafael"]
[Result "1-0"]
[WhiteElo "2238"]
[BlackElo "2030"]
[PlyCount "85"]
[EventDate "2008.11.30"]
[EventType "swiss"]
[EventRounds "9"]
[EventCountry "ESP"]
[SourceTitle "CBM 127 Extra"]
[Source "ChessBase"]
[SourceDate "2009.01.08"]
[SourceVersion "2"]
[SourceVersionDate "2009.01.28"]
[SourceQuality "1"]

1. e4 d5 2. exd5 Nf6 3. d4 Bg4 4. f3 Bf5 5. Bb5+ Nbd7 6. c4 e6 7. dxe6 Bxe6 8. d5 Bf5 9. Nc3 Bb4 10. Qe2+ Kf8 11. g4 Bg6 12. h4 Nc5 13. Be3 Nd3+ 14. Kf1 h6 15. Rd1 Ne5 16. h5 Bh7 17. g5 hxg5 18. Bxg5 Bxc3 19. bxc3 Ned7 20. h6 Bg6 21. Re1 gxh6 22. Bxd7 Kg7 23. Bxf6+ Qxf6 24. Qd2 Rad8 25. Ba4 h5 26. Bc2 Rhe8 27. Rh2 Rxe1+ 28. Kxe1 Qe5+ 29. Kd1 c6 30. Qd4 Qxd4+ 31. cxd4 cxd5 32. c5 Kf6 33. Nh3 Bxc2+ 34. Kxc2 Kf5 35. Rg2 f6 36. Rg7 b6 37. c6 Rc8 38. c7 h4 39. Kd3 b5 40. Re7 a5 41. a3 b4 42. axb4 axb4 43. Kc2 1-0

[Event "San Sebastian Constitucion op 10th"]
[Site "San Sebastian"]
[Date "2008.12.04"]
[Round "5"]
[White "Madurga Lopez, Ignacio"]
[Black "De Dios Alija, Rafael"]
[Result "1-0"]
[WhiteElo "1819"]
[BlackElo "2030"]
[PlyCount "103"]
[EventDate "2008.11.30"]
[EventType "swiss"]
[EventRounds "9"]
[EventCountry "ESP"]
[SourceTitle "CBM 127 Extra"]
[Source "ChessBase"]
[SourceDate "2009.01.08"]
[SourceVersion "2"]
[SourceVersionDate "2009.01.28"]
[SourceQuality "1"]

1. e4 d5 2. exd5 Nf6 3. Bb5+ Bd7 4. Bxd7+ Qxd7 5. Nf3 Nxd5 6. d4 e6 7. 0-0 Nc6 8. c3 Be7 9. Re1 0-0 10. Nbd2 Rad8 11. Ne4 h6 12. Qe2 Rfe8 13. Bd2 a6 14. Rad1 b5 15. Bc1 Bf8 16. Ne5 Nxe5 17. dxe5 Qc6 18. Qg4 Kh8 19. Qh5 Rd7 20. Ng5 Kg8 21. Rd3 g6 22. Qh4 Nf4 23. Qxf4 hxg5 24. Qg3 Rxd3 25. Qxd3 Be7 26. Qe4 Qxe4 27. Rxe4 Rd8 28. Rd4 Rxd4 29. cxd4 Kf8 30. Kf1 Ke8 31. Ke2 Kd7 32. Kd3 c5 33. dxc5 Bxc5 34. f3 Be7 35. Kd4 Kc6 36. Bd2 f5 37. exf6 Bxf6+ 38. Ke4 Bxb2 39. Bxg5 a5 40. Be3 a4 41. Bd4 Ba3 42. Bg7 Bd6 43. f4 b4 44. g4 g5 45. fxg5 a3 46. Ba1 Kd7 47. h4 Ke7 48. h5 Kf7 49. g6+ Kg8 50. h6 e5 51. Kf5 Bf8 52. g7 1-0

[Event "San Sebastian Constitucion op 10th"]
[Site "San Sebastian"]
[Date "2008.11.30"]
[Round "1"]
[White "De Dios Alija, Rafael"]
[Black "Takvor Mena, Samuel"]
[Result "1-0"]
[WhiteElo "2030"]
[BlackElo "1538"]
[PlyCount "73"]
[EventDate "2008.11.30"]
[EventType "swiss"]
[EventRounds "9"]
[EventCountry "ESP"]
[SourceTitle "CBM 127 Extra"]
[Source "ChessBase"]
[SourceDate "2009.01.08"]
[SourceVersion "2"]
[SourceVersionDate "2009.01.28"]
[SourceQuality "1"]

1. e4 e5 2. d4 exd4 3. Nf3 Nc6 4. Nxd4 d6 5. Nxc6 bxc6 6. c4 Nf6 7. Nc3 Be7 8. Be2 0-0 9. 0-0 Bb7 10. Bf3 c5 11. Qc2 Re8 12. Bf4 Rb8 13. Rad1 Qd7 14. h3 Rbd8 15. Rfe1 h6 16. Bg3 Bf8 17. a3 Ba6 18. e5 Nh7 19. b3 Ng5 20. Bg4 Qc6 21. f4 Ne6 22. Bxe6 Rxe6 23. f5 Ree8 24. e6 f6 25. Nd5 Be7 26. Qe2 Qb7 27. Rd3 Rb8 28. Qh5 c6 29. Nxe7+ Qxe7 30. Bxd6 Qd8 31. Qf7+ Kh7 32. e7 Qd7 33. Qg6+ Kg8 34. Bxb8 Qc8 35. Rd8 Rxd8 36. exd8Q+ Qxd8 37. Re8+ 1-0

[Event "Cambados op 23rd"]
[Site "Cambados"]
[Date "2007.08.09"]
[Round "8"]
[White "De Dios Alija, Rafael"]
[Black "Milchev, Nikolay"]
[Result "0-1"]
[WhiteElo "2047"]
[BlackElo "2315"]
[PlyCount "70"]
[EventDate "2007.08.02"]
[EventType "swiss"]
[EventRounds "9"]
[EventCountry "ESP"]
[SourceTitle "CBM 119 Extra"]
[Source "ChessBase"]
[SourceDate "2007.09.04"]
[SourceVersion "1"]
[SourceVersionDate "2007.09.04"]
[SourceQuality "1"]

1. e4 e5 2. d4 exd4 3. Nf3 Nc6 4. Nxd4 Nf6 5. Nxc6 bxc6 6. e5 Nd5 7. c4 Nb6 8. Bd3 d6 9. exd6 cxd6 10. 0-0 Be7 11. Qh5 Be6 12. Re1 Qd7 13. Bg5 0-0-0 14. Bxe7 Qxe7 15. Nc3 Qc7 16. b3 h6 17. Rad1 Kb8 18. Ne4 Bc8 19. a4 Rhf8 20. a5 Nd7 21. b4 Ne5 22. Qe2 Rfe8 23. Qf1 d5 24. cxd5 Rxd5 25. Be2 Red8 26. Nc5 R8d6 27. Rxd5 cxd5 28. Rc1 Qd8 29. f4 Nc4 30. Bxc4 dxc4 31. Qxc4 Rd1+ 32. Rxd1 Qxd1+ 33. Kf2 Qd2+ 34. Kf3 Qe1 35. Qe2 Bg4+ 0-1

[Event "Albarino op"]
[Site "Albarino"]
[Date "2006.07.04"]
[Round "2"]
[White "De Dios Alija, Rafael"]
[Black "Portela Gonzalez, Adrian"]
[Result "1-0"]
[WhiteElo "2074"]
[BlackElo "1788"]
[PlyCount "39"]
[EventDate "2006.07.03"]
[EventType "swiss"]
[EventRounds "9"]
[EventCountry "ESP"]
[SourceTitle "CBM 113 Extra"]
[Source "ChessBase"]
[SourceDate "2006.09.14"]
[SourceVersion "1"]
[SourceVersionDate "2006.09.14"]
[SourceQuality "1"]

1. e4 e5 2. d4 exd4 3. Nf3 Nc6 4. Nxd4 Be7 5. Bc4 Ne5 6. Bb3 Nf6 7. f4 Nc6 8. e5 Ne4 9. Nf5 g6 10. Qd5 0-0 11. Nxe7+ Qxe7 12. Qxe4 d6 13. 0-0 Bf5 14. Qe1 Rfe8 15. Qg3 dxe5 16. fxe5 Qc5+ 17. Be3 Qxe5 18. Qxe5 Nxe5 19. Bf4 Re7 20. Nc3 1-0

[Event "Cambados op"]
[Site "Cambados"]
[Date "2005.07.26"]
[Round "4"]
[White "De Dios Alija, Rafael"]
[Black "Nanu, Ciprian Costica"]
[Result "1/2-1/2"]
[WhiteElo "2069"]
[BlackElo "2434"]
[PlyCount "108"]
[EventDate "2005.07.23"]
[EventType "swiss"]
[EventRounds "9"]
[EventCountry "ESP"]
[SourceTitle "EXT 2006"]
[Source "ChessBase"]
[SourceDate "2005.11.24"]
[SourceVersion "1"]
[SourceVersionDate "2005.11.24"]
[SourceQuality "1"]

1. e4 c6 2. d4 d5 3. Nd2 dxe4 4. Nxe4 Nf6 5. Nxf6+ gxf6 6. Nf3 Rg8 7. g3 Bg4 8. Bg2 Qd7 9. Be3 Na6 10. c3 Nc7 11. h3 Bh5 12. c4 e6 13. Qb3 Na6 14. a3 Bd6 15. 0-0-0 0-0-0 16. Rhe1 Qc7 17. g4 f5 18. gxh5 Rxg2 19. Rg1 Rdg8 20. Rxg2 Rxg2 21. Rg1 Rxg1+ 22. Nxg1 f4 23. Bd2 c5 24. Nf3 Qc6 25. Qd3 h6 26. Ne5 Bxe5 27. dxe5 Qg2 28. Bxf4 Qxf2 29. Bxh6 Qe1+ 30. Kc2 Qxe5 31. Qf3 Nb8 32. Qxf7 Qe4+ 33. Kd1 Nc6 34. Qf8+ Kd7 35. Qf7+ Ne7 36. Bf8 Qb1+ 37. Kd2 Qxb2+ 38. Kd1 Qd4+ 39. Ke1 Qh4+ 40. Kd1 Qd4+ 41. Ke1 Qc3+ 42. Kd1 Qd3+ 43. Ke1 Qb1+ 44. Kd2 Qa2+ 45. Ke1 Qa1+ 46. Kd2 Qb2+ 47. Kd1 Qb3+ 48. Kd2 Qa2+ 49. Kd1 Qa1+ 50. Kd2 Qd4+ 51. Ke1 Qe3+ 52. Kd1 Qd3+ 53. Ke1 Qe3+ 54. Kd1 Qd4+ 1/2-1/2

[Event "Pedrido op"]
[Site "Pedrido"]
[Date "2004.08.10"]
[Round "8"]
[White "De Dios Alija, Rafael"]
[Black "Espineira Gonzalez, Pablo D"]
[Result "1/2-1/2"]
[WhiteElo "2022"]
[BlackElo "2119"]
[PlyCount "60"]
[EventDate "2004.08.??"]
[EventType "swiss"]
[EventRounds "9"]
[EventCountry "ESP"]
[SourceTitle "EXT 2005"]
[Source "ChessBase"]
[SourceDate "2004.11.15"]
[SourceVersion "1"]
[SourceVersionDate "2004.11.15"]
[SourceQuality "1"]

1. e4 c5 2. Nf3 e6 3. d4 cxd4 4. Nxd4 Bc5 5. Nb3 Bb6 6. Bd3 Ne7 7. 0-0 0-0 8. Kh1 f5 9. Qh5 fxe4 10. Bxe4 Nf5 11. Bg5 Qe8 12. Qxe8 Rxe8 13. c4 Nd6 14. Bd3 Nf7 15. Bh4 Nc6 16. c5 Bd8 17. Bxd8 Rxd8 18. Nc3 b6 19. Rfe1 bxc5 20. Nxc5 Rb8 21. b3 Nce5 22. Bf1 Rb4 23. Rad1 d6 24. N5e4 Bb7 25. Nxd6 Ng4 26. Nxf7 Nxf2+ 27. Kg1 Rxd1 28. Nh6+ gxh6 29. Nxd1 Nxd1 30. Rxd1 Bd5 1/2-1/2